Normal view MARC view
  • electrical technology

Entry Geographic Name

Number of records used in: 4

001 - CONTROL NUMBER

  • control field: 102234

003 - CONTROL NUMBER IDENTIFIER

  • control field: NUST

005 - DATE AND TIME OF LATEST TRANSACTION

  • control field: 20221102102111.0

008 - FIXED-LENGTH DATA ELEMENTS

  • fixed length control field: 221102|| aca||aabn | a|a d

040 ## - CATALOGING SOURCE

  • Original cataloging agency: NUST
  • Transcribing agency: NUST

151 ## - HEADING--GEOGRAPHIC NAME

  • Geographic name: electrical technology

670 ## - SOURCE DATA FOUND

  • Source citation: Work cat.: (NUST): Theraja, B.L., 7131, A textbook of electrical technology Vol.II :, 2015
© 2023 Central Library, National University of Sciences and Technology. All Rights Reserved.